000 01365nam a22003497i 4500
003 EG-ScBUE
005 20250601093314.0
008 100124t1998 ilua f 001 0 eng d
020 _a0673459276
020 _a9780673459275
040 _aEG-ScBUE
_beng
_erda
_cEG-ScBUE
_dEG-ScBUE
082 0 4 _222
_a516.24
_bFUN
245 0 0 _aFunctions, statistics, and trigonometry /
_cSharon L. Senk [and twelve others], University of Chicago. School Mathematics Project.
250 _aSecond edition.
250 _aTeacher's edition.
264 1 _aGlenview, Illinois :
_bScott Foresman Addison Wesley,
_c[1998]
264 4 _cc1998
300 _a1 volume (various pagings) :
_billustrations (some color) ;
_c29 cm
336 _2rdacontent
_atext
_btxt
337 _aunmediated
_2rdamedia
_bn
338 _avolume
_bnc
_2rdacarrier
500 _a"The University of Chicago School Mathematics Project, secondary component."
500 _aIncludes index.
500 _aIncludes Appendices.
505 _aPart 1 -- Chapters 1-6.
650 7 _910577
_aTrigonometry
_xStudy and teaching (Secondary)
_2BUEsh
650 7 _910579
_aMathematics
_xStudy and teaching (Secondary)
_2BUEsh
655 _vReading book
700 1 _910583
_aSenk, Sharon Louise
_d1943-
_eauthor.
710 2 _910584
_aUniversity of Chicago.
_bSchool Mathematics Project,
_eauthor.
942 _2ddc
_cBB
999 _c13187
_d13187